Who's affraid of women's writing: (Record no. 11215)
[ view plain ]
| 000 -LEADER | |
|---|---|
| fixed length control field | 00740nam a22002417a 4500 |
| 005 - DATE AND TIME OF LATEST TRANSACTION | |
| control field | 20211109121933.0 |
| 008 - FIXED-LENGTH DATA ELEMENTS--GENERAL INFORMATION | |
| fixed length control field | 211109b ||||| |||| 00| 0 eng d |
| 020 ## - INTERNATIONAL STANDARD BOOK NUMBER | |
| International Standard Book Number | 9789382267638 |
| 040 ## - CATALOGING SOURCE | |
| Original cataloging agency | IN-DiNC |
| Transcribing agency | IN-DiNC |
| 041 ## - LANGUAGE CODE | |
| Language code of sung or spoken text | English |
| 082 ## - DEWEY DECIMAL CLASSIFICATION NUMBER | |
| Classification number | 823.03 |
| Item number | WHO |
| 245 ## - TITLE STATEMENT | |
| Title | Who's affraid of women's writing: |
| Remainder of title | select texts/ |
| Statement of responsibility, etc. | edited by Ruchi Sharma and Swati Moitra |
| 260 ## - PUBLICATION, DISTRIBUTION, ETC. | |
| Place of publication, distribution, etc. | Delhi: |
| Name of publisher, distributor, etc. | Worldview publications, |
| Date of publication, distribution, etc. | 2021 |
| 300 ## - PHYSICAL DESCRIPTION | |
| Extent | xxviii, 420p. |
| 650 ## - SUBJECT ADDED ENTRY--TOPICAL TERM | |
| Topical term or geographic name entry element | Women literature |
| 650 ## - SUBJECT ADDED ENTRY--TOPICAL TERM | |
| Topical term or geographic name entry element | Women writing |
| 700 ## - ADDED ENTRY--PERSONAL NAME | |
| Personal name | Sharma, Ruchi |
| Relator term | Editor |
| 700 ## - ADDED ENTRY--PERSONAL NAME | |
| Personal name | Moitra, Swati |
| Relator term | Editor |
| 700 ## - ADDED ENTRY--PERSONAL NAME | |
| Personal name | Malhotra, Meenakshi |
| Relator term | Contributor |
| 700 ## - ADDED ENTRY--PERSONAL NAME | |
| Personal name | Kothiyal, Shikha |
| Relator term | Contributor |
| 700 ## - ADDED ENTRY--PERSONAL NAME | |
| Personal name | Ahlawat, Menka |
| Relator term | Contributor |
| 942 ## - ADDED ENTRY ELEMENTS (KOHA) | |
| Source of classification or shelving scheme | Dewey Decimal Classification |
| Koha item type | Books |
| Withdrawn status | Lost status | Source of classification or shelving scheme | Damaged status | Not for loan | Collection code | Home library | Current library | Shelving location | Date acquired | Cost, normal purchase price | Total Checkouts | Full call number | Barcode | Date last seen | Date last checked out | Copy number | Price effective from | Koha item type |
|---|---|---|---|---|---|---|---|---|---|---|---|---|---|---|---|---|---|---|
| Dewey Decimal Classification | English | Central Library, Naharkatiya College | Central Library, Naharkatiya College | General Stacks | 09/11/2021 | 275.00 | 1 | 823.03 WHO | 28726 | 12/11/2021 | 11/11/2021 | 1 | 09/11/2021 | Books | ||||
| Dewey Decimal Classification | English | Central Library, Naharkatiya College | Central Library, Naharkatiya College | General Stacks | 09/11/2021 | 275.00 | 1 | 823.03 WHO | 28727 | 12/11/2021 | 11/11/2021 | 2 | 09/11/2021 | Books | ||||
| Dewey Decimal Classification | English | Central Library, Naharkatiya College | Central Library, Naharkatiya College | General Stacks | 09/11/2021 | 275.00 | 1 | 823.03 WHO | 28728 | 06/03/2025 | 12/11/2024 | 3 | 09/11/2021 | Books |
